[Event "EU-chT Seniors 06th"]
[Site "Dresden"]
[Date "2004.02.26"]
[Round "5.3"]
[White "Boeckenhaupt, Rudi"]
[Black "Morgner, Siegfried"]
[Result "1-0"]
[WhiteElo "2082"]
[BlackElo "2006"]
[PlyCount "109"]
[EventDate "2004.02.22"]
[EventType "team-swiss"]
[EventRounds "7"]
[EventCountry "GER"]
[SourceTitle "CBM 099 Extra"]
[Source "ChessBase"]
[SourceDate "2004.05.04"]
[SourceVersion "1"]
[SourceVersionDate "2004.05.04"]
[SourceQuality "1"]
[WhiteTeam "Rheno Palatinat"]
[BlackTeam "Grossroehrsdorf/BSW"]
[WhiteTeamCountry "GER"]
[BlackTeamCountry "GER"]

1. e4 d6 2. d4 g6 3. c3 Bg7 4. Be3 Nf6 5. Bd3 e5 6. d5 0-0 7. h3 Nbd7 8. Nd2 Nc5 9. Bc2 Ncxe4 10. Nxe4 Nxe4 11. Bxe4 f5 12. Bc2 f4 13. Bd2 Qg5 14. Qf3 Bf5 15. 0-0-0 Bxc2 16. Kxc2 Qf5+ 17. Kc1 e4 18. Qe2 Rae8 19. c4 Bh6 20. f3 Re7 21. fxe4 Rxe4 22. Qf1 Rfe8 23. g4 Qd7 24. Kb1 Qe7 25. Nf3 Re2 26. Rc1 Qe4+ 27. Rc2 Bg7 28. Rh2 Qd3 29. Rxe2 Rxe2 30. Ne1 Qe4 31. Kc1 Bd4 32. Bc3 Re3 33. Kd2 f3 34. Bxd4 Qxd4+ 35. Kc1 Qf4 36. Kd1 Qe4 37. Qf2 Qd4+ 38. Rd2 Qe4 39. Nc2 Rd3 40. Rxd3 Qxd3+ 41. Kc1 Qxc4 42. Qxf3 Qxa2 43. b3 Qa5 44. Qe4 Qc5 45. Kb2 a5 46. Nd4 Qb4 47. Qe8+ Kg7 48. Qe7+ Kg8 49. Qd8+ Kf7 50. Qxc7+ Kg8 51. Qc8+ Kf7 52. Qc3 Qb6 53. Kc2 Qd8 54. Qf3+ Kg8 55. Ne6 1-0

[Event "EU-chT Seniors 06th"]
[Site "Dresden"]
[Date "2004.02.22"]
[Round "1.3"]
[White "Wade, Robert Graham"]
[Black "Morgner, Siegfried"]
[Result "1-0"]
[WhiteElo "2185"]
[BlackElo "2006"]
[PlyCount "71"]
[EventDate "2004.02.22"]
[EventType "team-swiss"]
[EventRounds "7"]
[EventCountry "GER"]
[SourceTitle "CBM 099 Extra"]
[Source "ChessBase"]
[SourceDate "2004.05.04"]
[SourceVersion "1"]
[SourceVersionDate "2004.05.04"]
[SourceQuality "1"]
[WhiteTeam "England"]
[BlackTeam "Grossroehrsdorf/BSW"]
[WhiteTeamCountry "ENG"]
[BlackTeamCountry "GER"]

1. d4 d6 2. e4 g6 3. f4 Bg7 4. Nf3 Nd7 5. Bc4 e6 6. 0-0 Ngf6 7. Qe2 0-0 8. e5 Ne8 9. Nc3 c5 10. dxc5 d5 11. Bd3 Nxc5 12. Be3 b6 13. b4 Nxd3 14. cxd3 Bd7 15. Bd4 Nc7 16. a4 Na6 17. Rfb1 Qe7 18. a5 Nxb4 19. axb6 axb6 20. Bxb6 Rfc8 21. Qd2 Bf8 22. d4 Qe8 23. Rxa8 Rxa8 24. Bc7 Ra6 25. Bd6 Bxd6 26. exd6 Nc6 27. Ne5 Nxe5 28. fxe5 Rc6 29. Ne2 Kg7 30. Rc1 Ra6 31. Qg5 Qb8 32. Nf4 Qb6 33. Nh5+ Kg8 34. Nf6+ Kg7 35. Qh4 h5 36. Nxd7 1-0

[Event "EU-chT Seniors 05th"]
[Site "Dresden"]
[Date "2003.02.27"]
[Round "5.3"]
[White "Meier, Wolfgang"]
[Black "Morgner, Siegfried"]
[Result "1-0"]
[WhiteElo "2102"]
[BlackElo "1728"]
[PlyCount "77"]
[EventDate "2003.02.23"]
[EventType "team-swiss"]
[EventRounds "7"]
[EventCountry "GER"]
[SourceTitle "EXT 2005"]
[Source "ChessBase"]
[SourceDate "2004.11.15"]
[SourceVersion "1"]
[SourceVersionDate "2004.11.15"]
[SourceQuality "1"]

1. d4 g6 2. Nf3 Bg7 3. c4 d6 4. Nc3 c6 5. h3 Nf6 6. Bg5 h6 7. Bh4 Nbd7 8. e3 e5 9. dxe5 dxe5 10. Qd6 Qe7 11. Qxe7+ Kxe7 12. Be2 Re8 13. 0-0-0 Kf8 14. g4 Nc5 15. Nd2 Be6 16. Nb3 Nxb3+ 17. axb3 b5 18. Kc2 a6 19. Rd6 g5 20. Bg3 Bd7 21. f3 Re7 22. Ra1 Ne8 23. Rdd1 Nc7 24. Ne4 f5 25. Nc5 f4 26. Be1 Be8 27. Bb4 Bg6+ 28. Ne4 Kf7 29. Bxe7 Kxe7 30. Kc1 Bxe4 31. fxe4 Ne6 32. cxb5 cxb5 33. Bxb5 Rc8+ 34. Bc4 Nc5 35. Kb1 fxe3 36. Re1 Rf8 37. Rxe3 Kd6 38. b4 Rf1+ 39. Bxf1 1-0